000
00329nam a22001457a 4500
008
210322b ||||| |||| 00| 0 eng d
020
_a
0256260737
041
_a
eng
080
_2
9th
_a
330.722.6
082
_a
330.722.6
100
_a
62
101
_a
KM
245
_a
Managerial Accounting
_c
Garrison, R. H
942
_2
udc
_c
BK
999
_c
56676
_d
56676